| 000 | 01094nam a22002535a 4500 | ||
|---|---|---|---|
| 999 |
_c27515 _d27486 |
||
| 003 | EG-ScBUE | ||
| 005 | 20190609123226.0 | ||
| 008 | 190609s2018 ua grb 000 0 ara d | ||
| 040 |
_aEG-ScBUE _bara _cEG-ScBUE _dEG-ScBUE |
||
| 082 | 0 | 4 |
_a297.8 _bش و م _222 |
| 100 | 1 | _aشومان، عباس. | |
| 245 | 1 | 0 |
_aنظرات في التجديد / _cبقلم عباس شومان ؛ إشراف محيي الدين عفيفي أحمد. |
| 260 |
_aالقاهرة : _bالأزهر الشريف، مجمع البحوث الإسلامية، _c2018. |
||
| 300 |
_a543 ص. ؛ _c24 سم. |
||
| 490 | 0 |
_aمجمع البحوث الإسلامية. _aالسلسلة العلمية ؛ _v49 |
|
| 504 | _aيشتمل على إرجاعات ببليوجرافية. | ||
| 541 |
_aDr. Noha Gamal ; _cDonation ; |
||
| 650 | 7 |
_aالإسلام _xحركات الإحياء والإصلاح والتجديد. _2BUEsh _922258 |
|
| 650 | 7 |
_aالإسلام والفلسفة. _2BUEsh |
|
| 651 | _2BUEsh | ||
| 653 |
_bGGEN _cJune2019 |
||
| 700 | 1 |
_aأحمد، محيي الدين عفيفي، _eمشرف. |
|
| 942 | _2ddc | ||